000 00798nam a2200265 i 4500
001 19441
003 ES-MaACL
005 20260209164153.0
007 t|
008 020828s2001 sp ||||1| spa d
020 _a84-7702-365-4
080 _a821.111-992"18"
080 _a913(6-15)"18"
100 1 _aKingsley, Mary.
_968075
245 1 0 _aViajes por el Africa occidental /
_cMary Kingsley ; traducción, José Luis Moreno Ruiz.
250 _a1ª ed.
260 _aMadrid :
_bValdemar,
_c2001.
300 _a364 p. :
_bil. ;
_c25 cm.
490 1 _aAvatares ;
_v45
651 4 _aÁfrica occidental-
_xDescripción-
_yS.XIX
_97601
700 1 _aMoreno Ruiz, José Luis.
_983430
830 0 _aAvatares ;
_v45
_9179735
852 _aES-MaACL
_jL-25875
_bR.131138
999 _c19441
_d19441